Name Every BoyWithUke song - Statistics

General Stats
  • This quiz has been taken 423 times
    154 since last reset
  • The average score is 52 of 90
Answer Stats
Answer % Correct
Toxic
87%
IDGAF
80%
Ghost
79%
Migraine
78%
Nosedive
76%
Sick of U
76%
Burn
75%
Two Moons
74%
Rockstar
73%
idtwcbf (friends)
72%
Long Drives
72%
Loafers
71%
Stranger
71%
Gaslight
69%
Paper Planes
69%
Animal Crackers
68%
Dear Hollywood
68%
Can You Feel It?
67%
Green
67%
Prairies
67%
Coffee
66%
Out Of Reach
66%
Problematic
66%
LoveSick
65%
Understand
65%
King Of Nothing
64%
Trauma
64%
Contigo
62%
Easier
62%
Backseat
61%
Blue
61%
Change
61%
Hazel Eyes
61%
Heart of Ice
61%
Lucid (Interlude)
61%
Pitfall
61%
Corduroy
60%
Friends
60%
Bad Blood
59%
Blurry Nights
59%
Far Away
59%
Galaxy
59%
Love Lost
59%
Petrichor (Interlude)
59%
Psycho
59%
Bad Things
58%
She Said No
58%
Shy
58%
Small Fry
58%
Terrified
58%
Haha Hi
56%
Runaway
56%
Before I Die
55%
Letter For My Future Ex
55%
Falling For You
54%
Hopeless Romantic
54%
Let Me Down
54%
Scared of the Dark
54%
Bok Choy
53%
Homesick
53%
2.9 Miles Away
52%
Can't Let You Go
52%
Nightmare
52%
Tired of Wanting You
51%
Blind
49%
Enigma
49%
Next Best Thing
49%
Route 9
49%
Letter for my Bed
48%
Affection
47%
Collared Shirt
47%
Highs Goodbyes and Lows
47%
I Won't Let You Go
47%
Out of Tune
47%
Tension
47%
Babydoll
46%
Lovely
45%
Nihilist
45%
Overthinking
45%
So Cold
45%
Zoning Out
45%
Forget Me
44%
Kind of Sick of Life
44%
Sleep Deprived
42%
Hold My Breath
40%
Bad Luck
38%
Lost
38%
Just Let Me Go
35%
I Wish
34%
Camoflauge
26%
No matching quizzes found
Score Distribution
Percent of People with Each Score
Percentile by Number Answered
Your Score History
You have not taken this quiz since the last reset